Türk Ceza Kanunu (Record no. 155)
[ view plain ]
| 000 -BAŞLIK | |
|---|---|
| Sabit Uzunlukta Kontrol Alanı | 00965na a2200253 4500 |
| 001 - KONTROL NUMARASI | |
| Denetim Alanı | 16860 |
| 003 - KONTROL NUMARASI IDENTIFIER | |
| Denetim Alanı | MIRAKIL |
| 005 - SON İŞLEM TARİHİ VE ZAMANI | |
| Denetim Alanı | 20181213154736.0 |
| 008 - SABİT-BOY VERİ ELEMANLARI - GENEL BİLGİLER | |
| Sabit Uzunlukta Kontrol Alanı | 161015b tu 000 0 |
| 040 ## - KATALOGLAMA KAYNAK | |
| Orijinal Kataloglama Ajansı | Milas |
| Kataloglama Dili | tur |
| Metne Dönüştürmek Ajansı | TR-AnCHP |
| 082 ## - DEWEY ONLU SINIFLANDIRMA NUMARASI | |
| Sınıflandırma Numarası | 345.0263 |
| Ürün Numarası | E62t 1984 |
| 090 ## - SINIFLAMA NUMARASI | |
| Sınıflama Numarası | 345.0263 E62t 1984 |
| 100 ## - ANA GİRİŞ - KİŞİSEL İSİM | |
| Kişisel Ad | Erdurak, Yılmaz Güngör |
| 245 ## - BAŞLIK TABLOSU | |
| Başlık | Türk Ceza Kanunu |
| Başlığın Kalan | ve cezaların infazı hakkında kanun (ve bu kanunla ilgili tüzük) |
| 246 ## - UNVAN FORM VARYING | |
| Başlık Doğru / Kısa Başlığı | cezaların infazı hakkında kanun ve bu kanunla ilgili tüzük |
| 260 ## - YAYIN, DAĞITIM, VB | |
| Yayın, Dağıtım, Vb Yeri | Ankara |
| Yayıncı, Dağıtıcı, Vs Adı | Savaş Yayınları |
| Yayın, Dağıtım, Vb Tarihi | 1984 |
| 300 ## - FİZİKSEL TANIM | |
| Kapsam | xv, 1334 s. |
| Boyutlar | 25 sm. |
| 490 ## - SERİSİ TABLOSU | |
| Seri Beyanı | Savaş yayınları |
| Hacim / Ardışık Tanımı | 9 |
| 500 ## - GENEL NOT | |
| Genel Not | En son değişiklikleriyle birlikte Yargıtay İçtihadı Birleştirme, Ceza Genel Kurulu ve Ceza Daireleri kararlarını kapsamaktadır. |
| 500 ## - GENEL NOT | |
| Genel Not | Eser adı başında: En son değişiklikleriyle içtihatlı |
| 650 ## - KONU KATMA GİRİŞ - TOPİKAL DÖNEM | |
| Topikal Süreli Veya Coğrafi Ad Giriş Elemanı | Ceza hukuku |
| Genel Alt Bölümü | Kanunlar |
| Coğrafi Alt Bölümü | Türkiye |
| 942 ## - EKLENDİ GİRİŞ ELEMANLARI (KOHA) | |
| Sınıflandırma Veya Raf Düzeni Kaynak | Dewey Decimal Classification |
| Koha Öğesi Türü | Books |
| 999 ## - SİSTEM KONTROL NUMARALARI (KOHA) | |
| Koha Biblionumber | 155 |
| Koha Biblioitemnumber | 155 |
| 657 ## - INDEX SÜRE - İŞLEVİ | |
| -- | Türk Ceza Kanunu |
| Kalıcı Konum | Mevcut Konum | Edinme Tarihi | Edinim Kaynak | Toplam Check-Out'Lar | Tam Çağrı Numarası | Barkod | Tarih Son Görülme | İtibaren Geçerli Fiyatlar | Koha Öğesi Türü |
|---|---|---|---|---|---|---|---|---|---|
| CHP Kütüphanesi | CHP Kütüphanesi | 10/15/2016 | Bağış | 345.0263 E62t 1984 | 005351 | 10/15/2016 | 10/15/2016 | Books |
